[Event "Open Portugal 2019"]
[Site "Lisboa POR"]
[Date "2019.02.04"]
[Round "4.86"]
[White "Myrheim, Håkon"]
[Black "Lohia, Sohum"]
[Result "1-0"]
[WhiteElo "1993"]
[BlackElo "1727"]
[WhiteFideId "1526820"]
[BlackFideId "5819369"]
[WhiteCountry "NOR"]
[BlackCountry "ENG"]
[PlyCount "95"]
[EventDate "2019.02.02"]

1. e4 d5 2. exd5 Qxd5 3. Nc3 Qa5 4. d4 c6 5. Nf3 Bf5 6. g3 Nf6 7. Bg2 e6 8. O-O
Bd6 9. h3 h6 10. Re1 O-O 11. Ne5 Qc7 12. Nc4 Be7 13. Bf4 Qd8 14. Qe2 Nd5 15.
Nxd5 cxd5 16. Ne3 Bg5 17. Bxg5 Qxg5 18. h4 Qf6 19. Bxd5 exd5 20. Nxd5 Qe6 21.
Ne7+ Kh8 22. Qf3 Bg4 23. Qxb7 Qf6 24. Qxa8 Bf3 25. Qxa7 Nc6 26. Nxc6 Bxc6 27.
Rad1 Qf3 28. d5 Bxd5 29. Rxd5 Qxd5 30. Qa4 Ra8 31. Re8+ Rxe8 32. Qxe8+ Kh7 33.
Qa4 Qd1+ 34. Kh2 Qe2 35. Kg2 Qe5 36. Qb3 Qe4+ 37. Kh2 Kg8 38. Qd3 Qe1 39. Kg2
Qa5 40. a3 Qa8+ 41. Kg1 Qe8 42. b4 Qe1+ 43. Kg2 Qe6 44. c4 Qc6+ 45. Qd5 Qa4 46.
Qd8+ Kh7 47. Qd3+ Kg8 48. b5 1-0

[Event "Open Portugal 2019"]
[Site "Lisboa POR"]
[Date "2019.02.04"]
[Round "4.87"]
[White "Rionda Medio, Ángel"]
[Black "Barrento, Jorge"]
[Result "1/2-1/2"]
[WhiteElo "1992"]
[BlackElo "1701"]
[WhiteFideId "2238934"]
[BlackFideId "1906500"]
[WhiteCountry "ESP"]
[BlackCountry "POR"]
[PlyCount "152"]
[EventDate "2019.02.02"]

1. e4 d5 2. Nc3 Nf6 3. exd5 Nxd5 4. Nf3 Bf5 5. Bc4 c6 6. O-O e6 7. d4 Be7 8. Ne2
O-O 9. c3 c5 10. Qb3 Nb6 11. Ng3 Bg6 12. Be3 Nc6 13. Be2 cxd4 14. Bxd4 Bf6 15.
Rfd1 Nxd4 16. Nxd4 Qe7 17. Bf3 Rab8 18. Nb5 a6 19. Nd4 Nd7 20. Rd2 Ne5 21. Be4
Rfc8 22. Bxg6 hxg6 23. Re1 Nc4 24. Rde2 Bxd4 25. cxd4 Qd7 26. Qd3 Nb6 27. Re4
Nd5 28. h4 Nf6 29. Re5 Rd8 30. d5 Nxd5 31. h5 Nf4 32. Qe4 Qd4 33. hxg6 Nxg6 34.
Rxe6 Qxe4 35. R6xe4 Rd2 36. Rb4 b5 37. Ne4 Rc2 38. a3 a5 39. Rb3 Nf4 40. Nd6
Ne2+ 41. Kf1 Nd4 42. Rd3 Ne6 43. b3 b4 44. a4 Rc3 45. Red1 Nc5 46. Rd5 Nxb3 47.
Ne4 Rc1 48. Rxc1 Nxc1 49. Rxa5 b3 50. Rb5 Rxb5 51. axb5 Nd3 52. Nc3 Nc5 53. Ke2
b2 54. Kd1 Na4 55. Nb1 Kf8 56. Kc2 Ke8 57. Kb3 Nc5+ 58. Kc4 Nb7 59. f3 Kd7 60.
Kc3 Nc5 61. Kxb2 Nd3+ 62. Kc3 Ne1 63. Kb4 Kc7 64. Kc5 Nxg2 65. Nd2 Nf4 66. Nc4
Ne6+ 67. Kd5 Nd8 68. f4 g6 69. Ke5 Ne6 70. Ke4 Nc5+ 71. Kd4 Ne6+ 72. Ke5 Kb7 73.
Ke4 Kc7 74. Ke5 Kb7 75. Nd6+ Kb6 76. Nxf7 Nxf4 1/2-1/2

[Event "Open Portugal 2019"]
[Site "Lisboa POR"]
[Date "2019.02.04"]
[Round "4.88"]
[White "Godinho, João Quintas"]
[Black "Bouton, Christophe"]
[Result "1-0"]
[WhiteElo "1719"]
[BlackElo "1988"]
[WhiteFideId "1909193"]
[BlackFideId "603813"]
[WhiteCountry "POR"]
[BlackCountry "FRA"]
[PlyCount "145"]
[EventDate "2019.02.02"]

1. d4 Nf6 2. c4 c5 3. d5 b5 4. cxb5 a6 5. bxa6 Bxa6 6. Nc3 d6 7. Nf3 g6 8. Rb1
Bg7 9. b3 O-O 10. Bb2 Nbd7 11. g3 Qa5 12. Nd2 Rab8 13. a3 Bh6 14. Bg2 Bxd2+ 15.
Qxd2 Rxb3 16. O-O Rfb8 17. Qc1 Ne5 18. Ne4 Nxe4 19. Bxe4 Bxe2 20. Bc3 Rxb1 21.
Bxb1 Rxb1 22. Bxa5 Nf3+ 23. Kh1 Rxc1 24. Rxc1 c4 25. Bc3 Ng5 26. a4 Bf3+ 27. Kg1
Bxd5 28. a5 Ne4 29. a6 Nc5 30. a7 Nb3 31. Rc2 Ba8 32. Bb4 Nd4 33. Rxc4 Nc6 34.
Bc3 f6 35. f4 Kf7 36. Bd2 Ke6 37. Ra4 Kd7 38. Kf2 e5 39. g4 Ke6 40. Ke3 d5 41.
Ra6 d4+ 42. Kd3 Kd5 43. Rb6 e4+ 44. Ke2 Nxa7 45. Ra6 Bc6 46. Rxa7 e3 47. Bxe3
dxe3 48. Kxe3 h6 49. Rh7 Be8 50. Rxh6 Ke6 51. Rh7 Ba4 52. Ra7 Bd1 53. Ra6+ Kf7
54. h3 Bc2 55. h4 Bd1 56. g5 fxg5 57. hxg5 Bc2 58. Rf6+ Kg7 59. Kd4 Bb1 60. Ke5
Bd3 61. Kd6 Bc2 62. Ke7 Bb3 63. Rb6 Bc4 64. Rb7 Bd5 65. Rc7 Be4 66. Ke8+ Kg8 67.
Re7 Bc2 68. Kd7 Bf5+ 69. Kd6 Kf8 70. Ra7 Kg8 71. Ke5 Bd3 72. Kf6 Be4 73. Rg7+
1-0

[Event "Open Portugal 2019"]
[Site "Lisboa POR"]
[Date "2019.02.04"]
[Round "4.89"]
[White "Avelino, Camila"]
[Black "Mendes, Modeste"]
[Result "0-1"]
[WhiteElo "1689"]
[BlackElo "1981"]
[WhiteFideId "1938975"]
[BlackFideId "1925920"]
[WhiteCountry "POR"]
[BlackCountry "POR"]
[PlyCount "120"]
[EventDate "2019.02.02"]

1. e4 e5 2. Nf3 Nc6 3. Bb5 Bc5 4. O-O d6 5. d4 exd4 6. Nxd4 Bd7 7. Bxc6 bxc6 8.
Nc3 Ne7 9. Nb3 Bb6 10. Na4 O-O 11. Nxb6 axb6 12. Re1 Ng6 13. Be3 f5 14. exf5
Rxf5 15. Nd4 Rf7 16. h3 Ne5 17. Qh5 c5 18. Bg5 Qf8 19. f4 Ng6 20. Ne6 Bxe6 21.
Rxe6 Nxf4 22. Bxf4 Rxf4 23. Rae1 Rf5 24. Qg4 Rf6 25. Qc4 Rxe6 26. Qxe6+ Qf7 27.
a3 b5 28. Qe4 Rf8 29. Qe6 Qxe6 30. Rxe6 Kf7 31. Re4 Re8 32. Rf4+ Ke7 33. Rg4 g6
34. Rh4 h5 35. Kf2 Kd7 36. Rf4 d5 37. Rf7+ Kd6 38. Rf6+ Re6 39. Rf8 c4 40. Rb8
Kc5 41. c3 c6 42. a4 bxa4 43. Ra8 Re7 44. Ra5+ Kd6 45. Rxa4 Rb7 46. Ra2 Ke5 47.
Ke3 Rb5 48. g4 hxg4 49. hxg4 c5 50. Ra8 d4+ 51. cxd4+ cxd4+ 52. Kf3 Rb3+ 53. Ke2
Rxb2+ 54. Kf3 Rb3+ 55. Ke2 Re3+ 56. Kd2 c3+ 57. Kc2 Kf4 58. Rd8 Re2+ 59. Kd3
Rd2+ 60. Kc4 c2 0-1

[Event "Open Portugal 2019"]
[Site "Lisboa POR"]
[Date "2019.02.04"]
[Round "4.90"]
[White "Alves, Fernando"]
[Black "Taranin, Konstantin"]
[Result "0-1"]
[WhiteElo "1651"]
[BlackElo "1976"]
[WhiteFideId "1905678"]
[BlackFideId "24109002"]
[WhiteCountry "POR"]
[BlackCountry "RUS"]
[PlyCount "88"]
[EventDate "2019.02.02"]

1. e4 e5 2. Nf3 Nc6 3. Bc4 Bc5 4. c3 Nf6 5. d3 d6 6. a4 a5 7. Qb3 O-O 8. Bg5 h6
9. Bh4 Bb6 10. Nbd2 Qe7 11. Nf1 g5 12. Bg3 Nh5 13. Ne3 Nxg3 14. hxg3 Bxe3 15.
fxe3 Kg7 16. O-O-O Rb8 17. Qc2 Be6 18. Bd5 Qd7 19. d4 exd4 20. exd4 Bxd5 21.
exd5 Ne7 22. Nxg5 Qf5 23. Nf3 Qxc2+ 24. Kxc2 Nxd5 25. Rde1 Rbe8 26. Kd3 Re6 27.
Rh4 Rxe1 28. Nxe1 f5 29. Nc2 Kg6 30. c4 Nf6 31. Ne3 Ne4 32. g4 Nf2+ 33. Ke2 fxg4
34. g3 Kg5 35. Rh2 Ne4 36. Kd3 Nxg3 37. Nxg4 Rf3+ 38. Kc2 Kxg4 39. Rxh6 Nf5 40.
Rh7 Nxd4+ 41. Kb1 Ne6 42. Re7 Kf5 43. Rf7+ Ke4 44. Rh7 Kd4 0-1

[Event "Open Portugal 2019"]
[Site "Lisboa POR"]
[Date "2019.02.04"]
[Round "4.91"]
[White "Mendes, Alberto"]
[Black "Pipiras, Filipa"]
[Result "0-1"]
[WhiteElo "1635"]
[BlackElo "1964"]
[WhiteFideId "1901699"]
[BlackFideId "1944894"]
[WhiteCountry "POR"]
[BlackCountry "POR"]
[PlyCount "78"]
[EventDate "2019.02.02"]

1. e4 e5 2. Nf3 Nc6 3. d4 exd4 4. Nxd4 Bc5 5. c3 Qf6 6. Be3 Nge7 7. g3 d5 8. Bg2
dxe4 9. O-O Bxd4 10. cxd4 Qg6 11. Nc3 f5 12. Bf4 Be6 13. Bxc7 Nd5 14. Nxd5 Bxd5
15. a3 O-O 16. Bf4 Rad8 17. Qa4 b5 18. Qa6 Bc4 19. Rfc1 Nxd4 20. Qxg6 hxg6 21.
Bf1 Nb3 22. Rxc4 Nxa1 23. Rc6 Rd1 24. Kg2 Rd5 25. a4 Kh7 26. axb5 Rdd8 27. Ra6
Nc2 28. Rxa7 Ne1+ 29. Kh3 g5 30. Bxg5 Rd6 31. Ra6 Rxa6 32. bxa6 Kg6 33. Bh4 Nd3
34. Kg2 Rd8 35. Be2 Ra8 36. Bxd3 exd3 37. Kf3 Rxa6 38. Ke3 Kh5 39. Bd8 d2 0-1

[Event "Open Portugal 2019"]
[Site "Lisboa POR"]
[Date "2019.02.04"]
[Round "4.92"]
[White "Barbier, Astrid"]
[Black "Guia, Artur"]
[Result "1/2-1/2"]
[WhiteElo "1945"]
[BlackElo "1686"]
[WhiteFideId "200395"]
[BlackFideId "1946781"]
[WhiteCountry "BEL"]
[BlackCountry "POR"]
[PlyCount "66"]
[EventDate "2019.02.02"]

1. e4 c5 2. Nc3 Nc6 3. f4 g6 4. Nf3 Bg7 5. Bb5 Nd4 6. O-O Nxb5 7. Nxb5 d5 8.
exd5 a6 9. Nc3 Nf6 10. d4 Nxd5 11. dxc5 Nxc3 12. Qxd8+ Kxd8 13. bxc3 Bxc3 14.
Rb1 Kc7 15. Rb3 Bg7 16. Bd2 Be6 17. Ba5+ Kc8 18. Re3 Bf6 19. Rd1 b6 20. cxb6 Kb7
21. Ne5 Rac8 22. c3 Rhd8 23. Rd4 Rxd4 24. cxd4 Rc1+ 25. Kf2 Rc2+ 26. Re2 Rxe2+
27. Kxe2 Bxe5 28. fxe5 Bxa2 29. Bb4 Kxb6 30. Bxe7 h5 31. Kd3 Bd5 32. g3 a5 33.
Kc3 Kb5 1/2-1/2

[Event "Open Portugal 2019"]
[Site "Lisboa POR"]
[Date "2019.02.04"]
[Round "4.93"]
[White "Fonseca, Pedro"]
[Black "Ladisic, Alex-Sacha"]
[Result "0-1"]
[WhiteElo "1610"]
[BlackElo "1934"]
[WhiteFideId "1955624"]
[BlackFideId "610631"]
[WhiteCountry "POR"]
[BlackCountry "FRA"]
[PlyCount "74"]
[EventDate "2019.02.02"]

1. e4 e5 2. Nf3 Nc6 3. Bb5 a6 4. Ba4 Nf6 5. O-O Be7 6. Re1 b5 7. Bb3 d6 8. c3
O-O 9. h3 Nb8 10. d4 Nbd7 11. Nbd2 Bb7 12. Bc2 c5 13. d5 Ne8 14. Nf1 g6 15. Ng3
Ng7 16. Bh6 Nf6 17. a4 c4 18. Qe2 Qc7 19. axb5 axb5 20. Nd2 Kh8 21. f4 Ng8 22.
Bxg7+ Kxg7 23. fxe5 dxe5 24. Ngf1 Nf6 25. Ne3 Bc5 26. Kh1 Nh5 27. Kh2 Qb6 28.
Ndxc4 bxc4 29. Nxc4 Qf6 30. Qd2 Bf2 31. Rf1 Bg3+ 32. Kg1 Bf4 33. Qf2 Ba6 34. Nb6
Bxf1 35. Rxa8 Rxa8 36. Nxa8 Qa6 37. Qxf1 Be3+ 0-1

[Event "Open Portugal 2019"]
[Site "Lisboa POR"]
[Date "2019.02.04"]
[Round "4.94"]
[White "Barros, Arlindo"]
[Black "Casagrande, Federico"]
[Result "0-1"]
[WhiteElo "1603"]
[BlackElo "1911"]
[WhiteFideId "23600640"]
[BlackFideId "2827137"]
[WhiteCountry "CPV"]
[BlackCountry "ITA"]
[PlyCount "140"]
[EventDate "2019.02.02"]

1. e4 c6 2. d4 d5 3. exd5 cxd5 4. Nf3 g6 5. Be2 Bg7 6. Be3 Nf6 7. Nbd2 O-O 8.
O-O Nc6 9. c3 Bf5 10. Nh4 Kh8 11. Nxf5 gxf5 12. Nf3 Ne4 13. Nd2 e6 14. f3 Nd6
15. Bf4 Rg8 16. Qe1 Bf6 17. Bd3 Bg5 18. Qe3 Bxf4 19. Qxf4 Ne7 20. Qe5+ Rg7 21.
Rae1 Ng6 22. Qe3 f4 23. Qe2 Nh4 24. Rf2 Ndf5 25. Bxf5 Nxf5 26. Kh1 Ng3+ 27. hxg3
fxg3 28. Nf1 gxf2 29. Qxf2 Qf6 30. Kg1 Rag8 31. Ne3 h5 32. Kf1 Qg5 33. Ke2 f5
34. Rh1 Rh7 35. Rh2 f4 36. Nd1 Qf5 37. Ke1 Rg5 38. Qe2 Rhg7 39. Kf1 Kh7 40. b3
Kh6 41. Nf2 Qb1+ 42. Nd1 e5 43. dxe5 Re7 44. e6 Qf5 45. Nf2 Rxe6 46. Qd1 Kg6 47.
Nh3 Rg3 48. Qd2 Re3 49. Kf2 Rxh3 50. gxh3 Kh6 51. h4 Qe5 52. Rg2 Rxc3 53. Rg5
Qe3+ 54. Qxe3 fxe3+ 55. Ke2 d4 56. Rd5 Rc2+ 57. Kd1 Rd2+ 58. Ke1 Kg6 59. Rd6+
Kf5 60. Rd7 Kf4 61. Rf7+ Kg3 62. f4 Rxa2 63. Rg7+ Kxf4 64. Rxb7 d3 65. Rf7+ Kg3
66. Rg7+ Kxh4 67. Kf1 Ra1+ 68. Kg2 d2 69. Re7 d1=Q 70. Rxe3 Qf1+ 0-1

[Event "Open Portugal 2019"]
[Site "Lisboa POR"]
[Date "2019.02.04"]
[Round "4.95"]
[White "Marques, Ricardo T T"]
[Black "Marques, Afonso"]
[Result "1-0"]
[WhiteElo "1911"]
[BlackElo "1662"]
[WhiteFideId "1949438"]
[BlackFideId "1947184"]
[WhiteCountry "POR"]
[BlackCountry "POR"]
[PlyCount "133"]
[EventDate "2019.02.02"]

1. Nf3 Nf6 2. c4 e6 3. d4 d5 4. Nc3 Be7 5. Bf4 c6 6. e3 O-O 7. h3 b6 8. Bd3 Bb7
9. O-O Nbd7 10. cxd5 exd5 11. Rc1 Re8 12. a3 Nf8 13. b4 a5 14. Qb3 axb4 15. axb4
Ne6 16. Bh2 Ra7 17. Qb2 Bd6 18. Ra1 Bxh2+ 19. Nxh2 Rxa1 20. Rxa1 Qc7 21. Ra7 Re7
22. Qa3 Nd8 23. Nf3 Qd6 24. Ne5 Qb8 25. b5 Re8 26. bxc6 Nxc6 27. Nxc6 Bxc6 28.
Nb5 Ne4 29. Bxe4 dxe4 30. Nd6 Rf8 31. Re7 b5 32. Qc5 Ba8 33. Nxb5 Rc8 34. Rc7
Rd8 35. Nd6 Bd5 36. Rc8 Rxc8 37. Qxc8+ Qxc8 38. Nxc8 Kf8 39. Nb6 Bb7 40. Kf1 Ke7
41. Ke1 f6 42. Kd2 Kd6 43. Kc3 Kc6 44. Na4 Ba6 45. g3 Bc8 46. h4 Bf5 47. Kb4 Kd6
48. Nc3 Bg6 49. Kc4 Bf7+ 50. d5 f5 51. Kd4 Be8 52. Kc4 Bf7 53. Kd4 Be8 54. Ne2
Bh5 55. Nf4 Bf7 56. g4 g6 57. h5 Be8 58. Ne6 Bf7 59. Ng5 Bg8 60. gxf5 gxf5 61.
h6 Kd7 62. Ke5 Ke7 63. Kxf5 Bxd5 64. Nxh7 Kf7 65. Ng5+ Kg8 66. Nxe4 Kh7 67. Nf6+
1-0

[Event "Open Portugal 2019"]
[Site "Lisboa POR"]
[Date "2019.02.04"]
[Round "4.96"]
[White "Partoens, Remi"]
[Black "Haynes, Noah"]
[Result "1-0"]
[WhiteElo "1904"]
[BlackElo "1658"]
[WhiteFideId "237108"]
[BlackFideId "1543172"]
[WhiteCountry "BEL"]
[BlackCountry "NOR"]
[PlyCount "41"]
[EventDate "2019.02.02"]

1. e4 c5 2. c3 d5 3. exd5 Nf6 4. Nf3 Nxd5 5. d4 e6 6. a3 a5 7. Bd3 Nc6 8. O-O
cxd4 9. cxd4 Be7 10. Re1 O-O 11. Nc3 b6 12. Ne4 Nf6 13. Qc2 Nxd4 14. Nxd4 Qxd4
15. Be3 Qd8 16. Nxf6+ Bxf6 17. Bxh7+ Kh8 18. Be4 Ra7 19. Qb3 Bd4 20. Bxd4 Qxd4
21. Qh3+ 1-0

[Event "Open Portugal 2019"]
[Site "Lisboa POR"]
[Date "2019.02.04"]
[Round "4.97"]
[White "Morais, Vítor"]
[Black "Vedor, Bernardo"]
[Result "1-0"]
[WhiteElo "1898"]
[BlackElo "1650"]
[WhiteFideId "1900552"]
[BlackFideId "1953540"]
[WhiteTitle "NM"]
[WhiteCountry "POR"]
[BlackCountry "POR"]
[PlyCount "67"]
[EventDate "2019.02.02"]

1. Nf3 Nf6 2. g3 d5 3. Bg2 Bg4 4. O-O e6 5. c4 c6 6. b3 Be7 7. Bb2 O-O 8. d3 h6
9. Nbd2 Nbd7 10. Qc2 Rc8 11. e4 dxe4 12. dxe4 Bh5 13. Rad1 Bg6 14. Qc3 Qb6 15.
a3 Nc5 16. Ne5 Bh7 17. Ng4 Rfd8 18. Ne5 Bf8 19. Rfe1 Nfxe4 20. Nxe4 Rxd1 21.
Rxd1 Bxe4 22. Bxe4 Nxe4 23. Qf3 Nf6 24. Nd7 Nxd7 25. Rxd7 Rd8 26. Qxf7+ Kh7 27.
Rxb7 Rd1+ 28. Kg2 Qa5 29. Bxg7 Rg1+ 30. Kxg1 Qe1+ 31. Kg2 Qe4+ 32. f3 Qe2+ 33.
Kh3 Qf1+ 34. Kh4 1-0

[Event "Open Portugal 2019"]
[Site "Lisboa POR"]
[Date "2019.02.04"]
[Round "4.98"]
[White "Takvorian, Richard"]
[Black "Gonçalves, Samuel"]
[Result "0-1"]
[WhiteElo "1898"]
[BlackElo "1637"]
[WhiteFideId "663646"]
[BlackFideId "1945130"]
[WhiteCountry "FRA"]
[BlackCountry "POR"]
[PlyCount "66"]
[EventDate "2019.02.02"]

1. Nf3 Nf6 2. d4 e6 3. c4 Bb4+ 4. Nc3 O-O 5. e3 b6 6. Be2 Nc6 7. O-O Bxc3 8.
bxc3 Ba6 9. Bb2 Na5 10. Qa4 d6 11. Rfd1 Qe8 12. Qxe8 Rfxe8 13. Nd2 c5 14. Rac1
Rab8 15. Rc2 e5 16. Kf1 e4 17. Ba3 Re7 18. Rb1 Rbe8 19. h3 g6 20. Rcb2 Nd7 21.
g4 Kg7 22. Nb3 Nxc4 23. Bxc4 Bxc4+ 24. Kg2 Bd3 25. Re1 Kh6 26. Nc1 Bc4 27. Ne2
Bxe2 28. Rexe2 f5 29. Kg3 Rf7 30. Rb1 fxg4 31. hxg4 Rf3+ 32. Kg2 Kg5 33. Rh1 Nf6
0-1

[Event "Open Portugal 2019"]
[Site "Lisboa POR"]
[Date "2019.02.04"]
[Round "4.99"]
[White "Mabille, Natacha"]
[Black "Almeida, Rui Pedro"]
[Result "1-0"]
[WhiteElo "1896"]
[BlackElo "1583"]
[WhiteFideId "218677"]
[BlackFideId "1949616"]
[WhiteCountry "BEL"]
[BlackCountry "POR"]
[PlyCount "95"]
[EventDate "2019.02.02"]

1. e4 c5 2. Nc3 Nc6 3. Bc4 e6 4. f4 Nge7 5. d3 d5 6. Bb3 g6 7. Nf3 Bg7 8. O-O
O-O 9. Qe1 Nd4 10. Kh1 Nxf3 11. Rxf3 dxe4 12. dxe4 Nc6 13. Rd3 Qe7 14. Be3 Na5
15. Rdd1 c4 16. Ba4 a6 17. Ne2 Qc7 18. c3 b5 19. Bc2 Nc6 20. Nd4 Bb7 21. Qh4 Qe7
22. Qh3 Rad8 23. Nf3 Bc8 24. Ng5 h6 25. Nf3 Rd6 26. Re1 Rdd8 27. Qg3 b4 28. e5
bxc3 29. bxc3 Qa3 30. h4 Qxc3 31. Be4 Ne7 32. Bc5 Rfe8 33. Rac1 Qa5 34. Bxe7
Rxe7 35. h5 gxh5 36. Qh4 Red7 37. Qxh5 Bb7 38. Bb1 Bxf3 39. gxf3 Qd2 40. Qg4 Kh8
41. Rg1 Rg8 42. Rc2 Qe3 43. Rh2 Rdd8 44. Be4 Qc5 45. Qh5 Qf8 46. f5 f6 47. fxe6
Qe7 48. Qxh6+ 1-0

[Event "Open Portugal 2019"]
[Site "Lisboa POR"]
[Date "2019.02.04"]
[Round "4.100"]
[White "Cavadas, José"]
[Black "Damasceno, Jorge"]
[Result "0-1"]
[WhiteElo "1580"]
[BlackElo "1890"]
[WhiteFideId "1904990"]
[BlackFideId "1900960"]
[WhiteCountry "POR"]
[BlackCountry "POR"]
[PlyCount "104"]
[EventDate "2019.02.02"]

1. d4 Nf6 2. Nf3 e6 3. c4 c5 4. d5 exd5 5. cxd5 d6 6. Nc3 g6 7. e4 Bg7 8. Bg5
O-O 9. Qd2 Re8 10. Be2 Qa5 11. O-O Nbd7 12. Bf4 Bf8 13. Rfe1 a6 14. Bh6 Nxe4 15.
Nxe4 Qxd2 16. Bxd2 Rxe4 17. Bc3 Bg7 18. Bd3 Rxe1+ 19. Rxe1 Bxc3 20. bxc3 Kf8 21.
Nd2 Ne5 22. Bc2 f5 23. f4 Nf7 24. Nc4 b5 25. Na5 Bd7 26. a3 Re8 27. Rxe8+ Kxe8
28. c4 Kd8 29. cxb5 axb5 30. Bb1 c4 31. a4 Kc7 32. axb5 Bxb5 33. Ba2 c3 34. Nb3
Nh6 35. Nc1 Ng4 36. h3 Nf6 37. Kf2 Kb6 38. Kg3 Kc5 39. Kh4 h6 40. g4 fxg4 41.
hxg4 Bd7 42. g5 hxg5+ 43. Kxg5 Nxd5 44. Bxd5 Kxd5 45. Kxg6 Ke4 46. Kf6 d5 47.
Ke7 Bg4 48. Kd6 d4 49. Kc5 d3 50. Kc4 d2 51. Nd3 c2 52. Nf2+ Kf5 0-1

[Event "Open Portugal 2019"]
[Site "Lisboa POR"]
[Date "2019.02.04"]
[Round "4.101"]
[White "Antunes, André"]
[Black "Newton, Andrew"]
[Result "0-1"]
[WhiteElo "1518"]
[BlackElo "1883"]
[WhiteFideId "1936328"]
[BlackFideId "2403285"]
[WhiteCountry "POR"]
[BlackCountry "SCO"]
[PlyCount "40"]
[EventDate "2019.02.02"]

1. b3 e5 2. Bb2 Nc6 3. c4 Nf6 4. e3 d5 5. cxd5 Nxd5 6. a3 Bd6 7. d3 O-O 8. Nf3
f5 9. Be2 Qe7 10. O-O Be6 11. Re1 Rf6 12. Nbd2 Rh6 13. b4 a6 14. Qa4 e4 15. dxe4
fxe4 16. Nxe4 Bxh2+ 17. Nxh2 Qh4 18. Bf3 Qxh2+ 19. Kf1 Nb6 20. Qc2 Bc4+ 0-1

[Event "Open Portugal 2019"]
[Site "Lisboa POR"]
[Date "2019.02.04"]
[Round "4.102"]
[White "Dong, Rafael"]
[Black "Morejko, Wojciech"]
[Result "0-1"]
[WhiteElo "1363"]
[BlackElo "1879"]
[WhiteFideId "1958038"]
[BlackFideId "16247582"]
[WhiteCountry "POR"]
[BlackCountry "GER"]
[PlyCount "60"]
[EventDate "2019.02.02"]

1. c4 e5 2. g3 Nf6 3. Bg2 d5 4. cxd5 Nxd5 5. Nc3 Nb6 6. Nf3 Nc6 7. d3 Be7 8. Be3
Be6 9. O-O O-O 10. Rc1 f6 11. a3 Qd7 12. b4 a6 13. Ne4 Nd5 14. Bc5 Nd8 15. Bxe7
Qxe7 16. Nc5 Bf7 17. Qc2 c6 18. d4 exd4 19. Nxd4 Ne3 20. fxe3 Qxe3+ 21. Kh1 Qxd4
22. Rfd1 Qg4 23. Bf3 Qg6 24. Be4 Qh6 25. Nd7 Re8 26. Nb6 Rb8 27. Nc4 Rxe4 28.
Qxe4 Bd5 29. Rxd5 Qxc1+ 30. Kg2 cxd5 0-1

[Event "Open Portugal 2019"]
[Site "Lisboa POR"]
[Date "2019.02.04"]
[Round "4.103"]
[White "Serafim Junior, Arnor"]
[Black "Oliveira, Fernando Alves"]
[Result "0-1"]
[WhiteElo "1876"]
[BlackElo "1575"]
[WhiteFideId "2130750"]
[BlackFideId "1947869"]
[WhiteCountry "BRA"]
[BlackCountry "POR"]
[PlyCount "94"]
[EventDate "2019.02.02"]

1. c4 Nf6 2. Nc3 d5 3. cxd5 Nxd5 4. d4 Bg4 5. g3 Nxc3 6. bxc3 Qd5 7. f3 Bd7 8.
e4 Qa5 9. Bd2 e6 10. Bd3 c5 11. Ne2 Nc6 12. O-O cxd4 13. cxd4 Qa3 14. Bc1 Qa5
15. Bb2 h5 16. a3 e5 17. Bc3 Qc7 18. Qc1 Rc8 19. Qb2 exd4 20. Nxd4 Ne5 21. Nb5
Qb6+ 22. Bd4 Nxd3 23. Bxb6 Nxb2 24. Nxa7 Bc5+ 25. Kg2 Bxb6 26. Nxc8 Bxc8 27.
Rab1 Na4 28. Rb4 Bd7 29. Rd1 Bc6 30. Rd6 h4 31. Rxc6 h3+ 32. Kf1 bxc6 33. Rxa4
Kd7 34. Rb4 Kc7 35. e5 Rd8 36. Rh4 c5 37. Rxh3 c4 38. Rh4 Bd4 39. Re4 c3 40. Ke2
Kb6 41. e6 fxe6 42. Rxe6+ Kc5 43. Kd3 Bf6+ 44. Kc2 Rd2+ 45. Kc1 Rxh2 46. f4 Rg2
47. Re3 Kc4 0-1

[Event "Open Portugal 2019"]
[Site "Lisboa POR"]
[Date "2019.02.04"]
[Round "4.104"]
[White "Hansen, Verner"]
[Black "Gaudin, Bruno"]
[Result "1-0"]
[WhiteElo "1874"]
[BlackElo "1558"]
[WhiteFideId "1425285"]
[BlackFideId "647861"]
[WhiteCountry "DEN"]
[BlackCountry "FRA"]
[PlyCount "35"]
[EventDate "2019.02.02"]

1. e4 d6 2. Nc3 Nf6 3. d3 g6 4. g3 Bg7 5. Bg2 c6 6. f4 O-O 7. Nf3 Qb6 8. Rb1 Ng4
9. d4 c5 10. Nd5 Qd8 11. c3 e6 12. Ne3 e5 13. Nxg4 exf4 14. Nf2 fxg3 15. hxg3 f5
16. dxc5 fxe4 17. Qd5+ Kh8 18. Ng5 1-0

[Event "Open Portugal 2019"]
[Site "Lisboa POR"]
[Date "2019.02.04"]
[Round "4.105"]
[White "Marques, Pedro Godinho"]
[Black "Aizpurua Zufiria, Iñaki"]
[Result "1-0"]
[WhiteElo "1848"]
[BlackElo "1434"]
[WhiteFideId "1928414"]
[BlackFideId "2269791"]
[WhiteCountry "POR"]
[BlackCountry "ESP"]
[PlyCount "29"]
[EventDate "2019.02.02"]

1. d4 Nf6 2. Bf4 d5 3. e3 e6 4. Nf3 c5 5. c3 Nc6 6. Nbd2 cxd4 7. exd4 Be7 8. Bd3
a6 9. Ne5 O-O 10. h4 Qb6 11. b3 g6 12. h5 Nxd4 13. Be3 Bc5 14. b4 Nxh5 15. bxc5
1-0

[Event "Open Portugal 2019"]
[Site "Lisboa POR"]
[Date "2019.02.04"]
[Round "4.106"]
[White "Gomes, José Luis"]
[Black "Gama, João Tiago"]
[Result "1-0"]
[WhiteElo "1844"]
[BlackElo "1273"]
[WhiteFideId "1901710"]
[BlackFideId "1961160"]
[WhiteCountry "POR"]
[BlackCountry "POR"]
[PlyCount "83"]
[EventDate "2019.02.02"]

1. e4 c5 2. Nc3 Nc6 3. g3 Nf6 4. Bg2 d6 5. d3 g6 6. f4 e6 7. Nf3 Bg7 8. Be3 O-O
9. O-O Qa5 10. h3 h6 11. Bf2 b5 12. e5 dxe5 13. Nxe5 b4 14. Nxc6 Qc7 15. Nb5 Qd7
16. Bxc5 Re8 17. Nd6 Bb7 18. Nxb7 Nd5 19. Nba5 Ne3 20. Bxe3 Rac8 21. Ne5 1-0 4
c5 2. Nc3 Nc6 3. g3 Nf6 4. Bg2 d6 5. d3 g6 6. f4 e6 7. Nf3 Bg7 8. Be3 O-O 9. O-O
Qa5 10. h3 h6 11. Bf2 b5 12. e5 dxe5 13. Nxe5 b4 14. Nxc6 Qc7 15. Nb5 Qd7 16.
Bxc5 Re8 17. Nd6 Bb7 18. Nxb7 Nd5 19. Nba5 Ne3 20. Bxe3 Rac8 21. Ne5 1-0

[Event "Open Portugal 2019"]
[Site "Lisboa POR"]
[Date "2019.02.04"]
[Round "4.107"]
[White "Palhas, Miguel Brando"]
[Black "Marcos Herrero, Francisco"]
[Result "1/2-1/2"]
[WhiteElo "1416"]
[BlackElo "1837"]
[WhiteFideId "1961349"]
[BlackFideId "2279045"]
[WhiteCountry "POR"]
[BlackCountry "ESP"]
[PlyCount "93"]
[EventDate "2019.02.02"]

1. e4 c5 2. Nf3 Nc6 3. d4 cxd4 4. Nxd4 g6 5. Be3 Nf6 6. Nc3 d6 7. Be2 Bg7 8. f3
O-O 9. Qd2 Bd7 10. O-O-O Rc8 11. h4 h5 12. Rhg1 Ne5 13. Bh6 Nc4 14. Bxc4 Rxc4
15. Bxg7 Kxg7 16. Qe2 b5 17. Ncxb5 Rc5 18. Nc3 Rxc3 19. bxc3 Qa5 20. Qc4 Rc8 21.
Qb4 Qc7 22. Rd3 a5 23. Qa3 Rb8 24. Kd2 a4 25. Re1 Qa5 26. f4 Kh7 27. e5 Nd5 28.
g3 Nb6 29. Qb4 Qd5 30. Kc1 Qxa2 31. Qb2 Qc4 32. exd6 exd6 33. Re7 Kh6 34. Qa3
Bg4 35. Qxd6 Qa2 36. Nf5+ Bxf5 37. Qxb8 Qb1+ 38. Kd2 Nc4+ 39. Ke2 Bxd3+ 40. Kxd3
Nb2+ 41. Ke2 Qd1+ 42. Kf2 Qxc2+ 43. Re2 Nd3+ 44. Ke3 Qxc3 45. Qf8+ Kh7 46. Qxf7+
Kh6 47. Qf8+ 1/2-1/2

[Event "Open Portugal 2019"]
[Site "Lisboa POR"]
[Date "2019.02.04"]
[Round "4.112"]
[White "Archambault, Serge"]
[Black "Pereira, André Marques"]
[Result "0-1"]
[WhiteElo "1959"]
[BlackElo "1604"]
[WhiteFideId "2604108"]
[BlackFideId "2116774"]
[WhiteCountry "CAN"]
[BlackCountry "POR"]
[PlyCount "94"]
[EventDate "2019.02.02"]

1. d4 Nf6 2. c4 g6 3. Nc3 d5 4. cxd5 Nxd5 5. e4 Nxc3 6. bxc3 Bg7 7. Be3 O-O 8.
Qd2 c5 9. Nf3 cxd4 10. cxd4 Nc6 11. Be2 Bg4 12. e5 Bf5 13. O-O Rc8 14. Rfd1 Be4
15. Ng5 Bd5 16. Bf3 Bxf3 17. Nxf3 Qd7 18. Bh6 Qd5 19. Bxg7 Kxg7 20. Rac1 b6 21.
Qb2 h6 22. h3 Kh7 23. Rd2 Na5 24. Rdc2 Nc4 25. Qb4 b5 26. Qxe7 a6 27. Qb4 a5 28.
Qb3 a4 29. Qb4 Rfe8 30. Rb1 Qe4 31. Rbc1 Qd5 32. Rc3 Re6 33. Rb1 Qe4 34. Rcc1 g5
35. Re1 Qf5 36. d5 Rg6 37. Nd4 Qf4 38. Nf3 g4 39. hxg4 Qxg4 40. Kf1 Qxg2+ 41.
Ke2 Rg4 42. Qc3 Re4+ 43. Kd1 Ne3+ 44. Qxe3 Rxe3 45. Rxe3 Qh1+ 46. Ne1 Qxd5+ 47.
Ke2 Qxa2+ 0-1